000
00269nam a2200097Ia 4500
001
1118490
005
20250827004126.0
008
250824s9999 xx 000 0 und d
245
0
_a
SAHİHİ BUHARİDEN DERSLER W19 10
_c
ABDULLAH FEYZİ KOCAER
260
_b
HÜNER YAYINEVİ
999
_c
1118490
_d
1118490